Guess the musical instrument! (Fill in the gaps) - Statistics

General Stats
  • This quiz has been taken 138 times
  • The average score is 13 of 22
Answer Stats
Uncomplete Word Answer % Correct
p _ _ n _ piano
96%
t _ _ m _ _ t trumpet
93%
o _ _ e oboe
91%
f _ _ t _ flute
90%
t _ o _ b _ _ e trombone
82%
_ _ l l _ cello
67%
_ _ x _ _ h _ _ _ saxophone
67%
_ y _ o p _ _ n _ xylophone
65%
_ k _ l _ _ e ukulele
59%
_ a _ p s _ _ h _ r _ harpsichord
58%
v _ b _ _ _ h _ n _ vibraphone
55%
_ y _ b _ l cymbal
54%
d _ _ g _ r _ d o _ didgeridoo
51%
_ l _ r _ _ _ t clarinet
50%
_ a r _ c _ s maracas
48%
_ u _ t _ r guitar
47%
_ r u _ s drums
44%
o _ a r _ n _ ocarina
35%
_ r i _ n _ l _ triangle
35%
b _ _ a l _ i k _ balalaika
30%
c _ n _ _ _ b _ s _ contrabass
27%
m _ l _ _ p _ o _ e mellophone
19%
No matching quizzes found
Score Distribution
Percent of People with Each Score
Percentile by Number Answered
Your Score History
You have not taken this quiz